00286nam a2200121Ia 4500008004000000041000800040082001300048100001400061245002500075260003500100650001400135650001500149210210b1945 xxu||||| |||| 00| 0 eng d aeng a829/1208 aWAUGH (E) aBrideshead revisited aLondonbChapman And Hallc1945 arevisited aBrideshead